[Event "Moscow op-A 04th"]
[Site "Moscow"]
[Date "2008.02.09"]
[Round "8"]
[White "Vakhlamov, Igor L"]
[Black "Grechihin, Valery"]
[Result "1-0"]
[WhiteElo "2068"]
[BlackElo "2306"]
[PlyCount "51"]
[EventDate "2008.02.02"]
[EventType "swiss"]
[EventRounds "9"]
[EventCountry "RUS"]
[SourceTitle "CBM 122 Extra"]
[Source "ChessBase"]
[SourceDate "2008.03.04"]
[SourceVersion "1"]
[SourceVersionDate "2008.03.04"]
[SourceQuality "1"]

1. e4 c5 2. Nf3 Nc6 3. Nc3 d6 4. d4 cxd4 5. Nxd4 Nf6 6. f3 e6 7. Be3 Be7 8. Qd2 a6 9. g4 h6 10. h4 Bd7 11. 0-0-0 Qc7 12. Bh3 Nxd4 13. Bxd4 0-0-0 14. g5 hxg5 15. hxg5 Nh7 16. f4 Kb8 17. Bxg7 Rhg8 18. Bd4 Nf8 19. Be3 Bc6 20. Rhf1 d5 21. Qd4 dxe4 22. Qa7+ Kc8 23. f5 Qb8 24. fxe6 Rxd1+ 25. Nxd1 Nxe6 26. Rxf7 1-0

[Event "Moscow op-A 04th"]
[Site "Moscow"]
[Date "2008.02.08"]
[Round "7"]
[White "Mamedov, Elshad"]
[Black "Grechihin, Valery"]
[Result "1-0"]
[WhiteElo "2099"]
[BlackElo "2306"]
[PlyCount "34"]
[EventDate "2008.02.02"]
[EventType "swiss"]
[EventRounds "9"]
[EventCountry "RUS"]
[SourceTitle "CBM 122 Extra"]
[Source "ChessBase"]
[SourceDate "2008.03.04"]
[SourceVersion "1"]
[SourceVersionDate "2008.03.04"]
[SourceQuality "1"]

1. c3 f5 2. h3 Nf6 3. g4 fxg4 4. hxg4 Nxg4 5. Qa4 Nf6 6. d3 c6 7. Nd2 e5 8. Ndf3 Qe7 9. Bh3 e4 10. dxe4 Qxe4 11. Qxe4+ Nxe4 12. Bf5 Nf6 13. e4 Kd8 14. Ng5 Kc7 15. e5 g6 16. Bxg6 Ng4 17. Bf4 Bg7 1-0

[Event "Kazan Region-ch 6th"]
[Site "Kazan"]
[Date "2008.01.25"]
[Round "3"]
[White "Beliaev, Vasily"]
[Black "Grechihin, Valery"]
[Result "1-0"]
[WhiteElo "2084"]
[BlackElo "2306"]
[PlyCount "29"]
[EventDate "2008.01.23"]
[EventType "swiss"]
[EventRounds "9"]
[EventCountry "RUS"]
[SourceTitle "CBM 122 Extra"]
[Source "ChessBase"]
[SourceDate "2008.03.04"]
[SourceVersion "1"]
[SourceVersionDate "2008.03.04"]
[SourceQuality "1"]

1. e4 c5 2. Nf3 Nc6 3. d4 cxd4 4. Nxd4 Nf6 5. Nc3 d6 6. Bg5 e6 7. Bb5 Bd7 8. Bxc6 bxc6 9. Qf3 c5 10. Nb3 Be7 11. 0-0-0 0-0 12. e5 dxe5 13. Bxf6 gxf6 14. Qb7 f5 15. Rxd7 1-0

[Event "Belaya Kalitva"]
[Site "Belaya Kalitva"]
[Date "2007.10.24"]
[Round "11.62"]
[White "Grechihin, Valery"]
[Black "Morozov, Oleg"]
[Result "1-0"]
[WhiteElo "2294"]
[BlackElo "2260"]
[PlyCount "71"]
[EventDate "2007.10.16"]
[EventType "tourn"]
[EventRounds "11"]
[EventCountry "RUS"]
[SourceTitle "EXT 2022"]
[Source "ChessBase"]
[SourceDate "2021.10.06"]
[SourceVersion "1"]
[SourceVersionDate "2021.10.06"]
[SourceQuality "1"]

1. e4 d6 2. d4 Nf6 3. Nc3 g6 4. f4 Bg7 5. Nf3 0-0 6. Bd3 c5 7. dxc5 dxc5 8. 0-0 Nc6 9. Qe2 Bg4 10. Qf2 c4 11. Bxc4 Bxf3 12. gxf3 Nh5 13. Be3 e5 14. Rad1 Qc8 15. fxe5 Nxe5 16. Be2 f5 17. Nd5 Kh8 18. Qh4 Qxc2 19. Rd2 Qa4 20. b3 Qa5 21. f4 Nc6 22. Bxh5 gxh5 23. e5 Rae8 24. Kh1 Nxe5 25. fxe5 Rxe5 26. b4 Qb5 27. Rfd1 Qc6 28. Bf4 Re4 29. Qf2 Rxb4 30. Qg2 Re4 31. Rg1 Rg8 32. h3 Qe6 33. Qf2 Rd8 34. Rgd1 Rxd5 35. Rxd5 Qc6 36. Qg2 1-0

[Event "Belaya Kalitva"]
[Site "Belaya Kalitva"]
[Date "2007.10.18"]
[Round "4.22"]
[White "Grechihin, Valery"]
[Black "Prokhoda, Nikola"]
[Result "1/2-1/2"]
[WhiteElo "2294"]
[BlackElo "2280"]
[PlyCount "50"]
[EventDate "2007.10.16"]
[EventType "tourn"]
[EventRounds "11"]
[EventCountry "RUS"]
[SourceTitle "EXT 2022"]
[Source "ChessBase"]
[SourceDate "2021.10.06"]
[SourceVersion "1"]
[SourceVersionDate "2021.10.06"]
[SourceQuality "1"]

1. d4 Nf6 2. c4 e5 3. dxe5 Ng4 4. Nf3 Nc6 5. e3 Bb4+ 6. Nbd2 Ngxe5 7. a3 Be7 8. Be2 0-0 9. 0-0 d5 10. cxd5 Qxd5 11. Nc4 Qxd1 12. Rxd1 Nxc4 13. Bxc4 Bf6 14. Ra2 Be6 15. Bxe6 fxe6 16. b3 Rfd8 17. Rad2 Rxd2 18. Rxd2 Rd8 19. Rxd8+ Bxd8 20. Bb2 Bf6 21. Bxf6 gxf6 22. Kf1 Kf7 23. Ke2 e5 24. Kd3 Ke6 25. g4 b5 1/2-1/2

[Event "Belaya Kalitva"]
[Site "Belaya Kalitva"]
[Date "2007.10.18"]
[Round "5.29"]
[White "Lukjanchenkov, Petr"]
[Black "Grechihin, Valery"]
[Result "0-1"]
[WhiteElo "2231"]
[BlackElo "2294"]
[PlyCount "86"]
[EventDate "2007.10.16"]
[EventType "tourn"]
[EventRounds "11"]
[EventCountry "RUS"]
[SourceTitle "EXT 2022"]
[Source "ChessBase"]
[SourceDate "2021.10.06"]
[SourceVersion "1"]
[SourceVersionDate "2021.10.06"]
[SourceQuality "1"]

1. e4 c5 2. Nf3 Nc6 3. Bc4 e6 4. Nc3 a6 5. a4 Nf6 6. 0-0 d5 7. exd5 exd5 8. Be2 d4 9. Nb1 Be7 10. Na3 0-0 11. Nc4 Qc7 12. d3 h6 13. Bd2 Nd5 14. c3 Bf6 15. cxd4 Nxd4 16. Nxd4 Bxd4 17. Bf3 Be6 18. a5 Rab8 19. g3 g5 20. Bg2 Kg7 21. Rc1 Qd7 22. Bc3 Nxc3 23. bxc3 Bf6 24. Ne3 Be7 25. d4 f5 26. d5 Bf7 27. c4 Bd6 28. Rb1 f4 29. gxf4 gxf4 30. Nc2 Bg6 31. Rb3 f3 32. Rxf3 Rxf3 33. Qxf3 Qc7 34. Ne3 Bxh2+ 35. Kh1 Rf8 36. Qe2 h5 37. Bf3 Qe5 38. Rd1 Rxf3 39. d6 Be4 40. Ng2 Rf8 41. Re1 Bxg2+ 42. Kxg2 Qxe2 43. Rxe2 Bxd6 0-1

[Event "Belaya Kalitva"]
[Site "Belaya Kalitva"]
[Date "2007.10.17"]
[Round "2.9"]
[White "Grechihin, Valery"]
[Black "Bekker, Maxim"]
[Result "0-1"]
[WhiteElo "2294"]
[BlackElo "2180"]
[PlyCount "72"]
[EventDate "2007.10.16"]
[EventType "tourn"]
[EventRounds "11"]
[EventCountry "RUS"]
[SourceTitle "EXT 2022"]
[Source "ChessBase"]
[SourceDate "2021.10.06"]
[SourceVersion "1"]
[SourceVersionDate "2021.10.06"]
[SourceQuality "1"]

1. Nf3 d5 2. c4 c6 3. b3 Nf6 4. Bb2 Bf5 5. g3 e6 6. Bg2 Nbd7 7. 0-0 Be7 8. d3 0-0 9. Nbd2 a5 10. Re1 Bc5 11. d4 Bd6 12. c5 Bc7 13. a3 Qe7 14. b4 axb4 15. axb4 e5 16. dxe5 Nxe5 17. Nd4 Bg6 18. Qb3 Ne4 19. Nxe4 dxe4 20. f4 exf3 21. exf3 Rxa1 22. Bxa1 Qd7 23. f4 Ra8 24. Qc3 Nd3 25. Nf5 Be5 26. Rxe5 Nxe5 27. Ne3 Qd3 28. Qxe5 f6 29. Qd4 Qb1+ 30. Bf1 Qxa1 31. Qd7 Qe1 32. Qd4 Re8 33. Ng2 Qe4 34. Qc3 Bf7 35. Kf2 Bd5 36. Ne3 Qf3+ 0-1

[Event "Belaya Kalitva"]
[Site "Belaya Kalitva"]
[Date "2007.10.16"]
[Round "1.3"]
[White "Anokhin, Alexander"]
[Black "Grechihin, Valery"]
[Result "0-1"]
[WhiteElo "2060"]
[BlackElo "2294"]
[PlyCount "64"]
[EventDate "2007.10.16"]
[EventType "tourn"]
[EventRounds "11"]
[EventCountry "RUS"]
[SourceTitle "EXT 2022"]
[Source "ChessBase"]
[SourceDate "2021.10.06"]
[SourceVersion "1"]
[SourceVersionDate "2021.10.06"]
[SourceQuality "1"]

1. e4 e5 2. Nf3 Nc6 3. Bb5 f5 4. Nc3 fxe4 5. Nxe4 d5 6. Nxe5 dxe4 7. Nxc6 Qg5 8. Qe2 Nf6 9. f4 Qxf4 10. d4 Qd6 11. Nxa7+ c6 12. Nxc8 Qb4+ 13. Bd2 Qxb5 14. Qxb5 cxb5 15. Nb6 Ra6 16. a4 Rxb6 17. axb5 Rxb5 18. Ra8+ Kf7 19. 0-0 Rd5 20. c3 h6 21. h3 Kg6 22. g4 Kh7 23. Kg2 Be7 24. Rxh8+ Kxh8 25. Ra1 Kh7 26. Be3 Rb5 27. b4 Nd5 28. Bd2 Bg5 29. Bxg5 hxg5 30. Ra3 Rb6 31. c4 Nf4+ 32. Kf2 Rxb4 0-1

[Event "Soukhumi op"]
[Site "Soukhumi"]
[Date "2007.08.09"]
[Round "6"]
[White "Grechihin, Valery"]
[Black "Sirotin, Pavel"]
[Result "1-0"]
[WhiteElo "2294"]
[BlackElo "2101"]
[PlyCount "69"]
[EventDate "2007.08.03"]
[EventType "swiss"]
[EventRounds "9"]
[EventCountry "RUS"]
[SourceTitle "EXT 2009"]
[Source "ChessBase"]
[SourceDate "2008.11.26"]
[SourceVersion "1"]
[SourceVersionDate "2008.11.26"]
[SourceQuality "1"]

1. Nf3 d5 2. c4 e6 3. g3 Nf6 4. Bg2 Be7 5. b3 0-0 6. 0-0 Nbd7 7. Bb2 c6 8. e3 b6 9. Qe2 Bb7 10. Nc3 dxc4 11. bxc4 c5 12. Rfd1 Ne4 13. Nxe4 Bxe4 14. a4 Nf6 15. d3 Bc6 16. Ne5 Bxg2 17. Kxg2 Qc7 18. f4 Qb7+ 19. Qf3 Rab8 20. Bc3 Rfc8 21. Rdb1 Nd7 22. a5 Bd8 23. a6 Qxf3+ 24. Kxf3 Nxe5+ 25. fxe5 f6 26. g4 Kf7 27. Ke4 Kg6 28. Ra2 Rc7 29. Rg2 Rd7 30. Rf2 Rf7 31. Rbb2 Bc7 32. d4 fxe5 33. Rxf7 Kxf7 34. dxc5 bxc5 35. Rb7 1-0

[Event "Soukhumi op"]
[Site "Soukhumi"]
[Date "2007.08.04"]
[Round "2"]
[White "Ponomarev, Dmitry"]
[Black "Grechihin, Valery"]
[Result "1-0"]
[WhiteElo "2195"]
[BlackElo "2294"]
[PlyCount "81"]
[EventDate "2007.08.03"]
[EventType "swiss"]
[EventRounds "9"]
[EventCountry "RUS"]
[SourceTitle "EXT 2009"]
[Source "ChessBase"]
[SourceDate "2008.11.26"]
[SourceVersion "1"]
[SourceVersionDate "2008.11.26"]
[SourceQuality "1"]

1. d4 Nf6 2. c4 c5 3. d5 e6 4. Nc3 exd5 5. cxd5 d6 6. e4 g6 7. Be2 Bg7 8. Nf3 0-0 9. 0-0 Bg4 10. Nd2 Bxe2 11. Qxe2 Nbd7 12. Nc4 Nb6 13. Bg5 Nxc4 14. Qxc4 h6 15. Bh4 g5 16. Bg3 Nh5 17. Ne2 a6 18. a4 Rb8 19. Qc2 Qf6 20. Ra2 Rfe8 21. a5 Qe7 22. Ra4 f5 23. f3 f4 24. Bf2 Nf6 25. b4 cxb4 26. Nd4 Rec8 27. Qb1 Qc7 28. Ne6 Qd7 29. Rxb4 b5 30. axb6 Qb7 31. Rc1 Rxc1+ 32. Qxc1 Ne8 33. h4 Bf6 34. Qc6 Kf7 35. Qxb7+ Rxb7 36. Ra4 Ng7 37. hxg5 hxg5 38. Nxg7 Kxg7 39. Rxa6 Kg6 40. Ra7 Rb8 41. Rd7 1-0

[Event "St Petersburg Chigorin CC-ch"]
[Site "St Petersburg"]
[Date "2005.05.18"]
[Round "3"]
[White "Grechihin, Valery"]
[Black "Orlov, Vassily"]
[Result "0-1"]
[WhiteElo "2208"]
[BlackElo "2430"]
[PlyCount "92"]
[EventDate "2005.05.16"]
[EventType "swiss"]
[EventRounds "9"]
[EventCountry "RUS"]
[SourceTitle "EXT 2006"]
[Source "ChessBase"]
[SourceDate "2005.11.24"]
[SourceVersion "1"]
[SourceVersionDate "2005.11.24"]
[SourceQuality "1"]

1. d4 d5 2. Bg5 f6 3. Bf4 c5 4. e3 Nc6 5. Bb5 Bf5 6. Ne2 Qb6 7. Nbc3 e6 8. 0-0 g5 9. Bg3 0-0-0 10. a4 h5 11. h3 h4 12. Bh2 Nh6 13. f3 a6 14. Bxc6 Qxc6 15. a5 Bd6 16. Bxd6 Qxd6 17. Na4 c4 18. Nc5 e5 19. b3 cxb3 20. cxb3 Bd7 21. Rc1 Kb8 22. Qd2 Bb5 23. Rfe1 Bxe2 24. Rxe2 Nf5 25. Qb4 Rh7 26. dxe5 fxe5 27. Qg4 Qf6 28. Kf2 e4 29. Kg1 Rc7 30. b4 exf3 31. Qxf3 Qe5 32. Rce1 Ng3 33. Rc2 d4 34. Nd3 Qe4 35. Qxe4 Nxe4 36. Rxc7 Kxc7 37. exd4 Rxd4 38. Re3 Kc6 39. Kf1 Kd5 40. Ke2 Kc4 41. Rf3 Nc3+ 42. Kd2 Nd5 43. Kc2 Rxd3 44. Rf7 Nxb4+ 45. Kc1 Rg3 46. Rxb7 Rxg2 0-1

[Event "Samara op"]
[Site "Samara"]
[Date "2003.??.??"]
[Round "5"]
[White "Frolov, Artiom"]
[Black "Grechihin, Valery"]
[Result "1/2-1/2"]
[WhiteElo "2219"]
[BlackElo "2508"]
[PlyCount "99"]
[EventDate "2003.??.??"]
[EventType "swiss"]
[EventRounds "9"]
[EventCountry "RUS"]
[SourceTitle "EXT 2005"]
[Source "ChessBase"]
[SourceDate "2004.11.15"]
[SourceVersion "1"]
[SourceVersionDate "2004.11.15"]
[SourceQuality "1"]

1. e4 c5 2. Nf3 Nc6 3. d4 cxd4 4. Nxd4 Nf6 5. Nc3 d6 6. Bg5 e6 7. Qd2 a6 8. 0-0-0 h6 9. Bh4 Nxe4 10. Bxd8 Nxd2 11. Nxc6 Nxf1 12. Bc7 bxc6 13. Bxd6 Bxd6 14. Rxd6 Nxh2 15. Rxh2 Bd7 16. Rh4 c5 17. Rc4 Ke7 18. Rb6 Rhc8 19. Rb7 Rc6 20. Na4 Rac8 21. b4 R6c7 22. Rxc7 Rxc7 23. Nxc5 Bb5 24. Rg4 g5 25. c4 f5 26. Rd4 e5 27. Rd5 Bxc4 28. Rxe5+ Kf6 29. Re3 Bxa2 30. Ra3 Bd5 31. Rxa6+ Ke5 32. Rxh6 Bxg2 33. Kd2 Bd5 34. Nd3+ Ke4 35. Rd6 Bc4 36. Rd8 Kf3 37. Ne5+ Kxf2 38. Rf8 Be6 39. Rf6 Bc8 40. Nf7 g4 41. Nd6 g3 42. Nxc8 Rxc8 43. Rxf5+ Kg1 44. Rg5 g2 45. Kd3 Kf2 46. Kd4 g1Q 47. Rxg1 Kxg1 48. b5 Kf2 49. Kd5 Ke3 50. b6 1/2-1/2

[Event "Kaluga Tsiolkovsky Memorial op"]
[Site "Kaluga"]
[Date "2003.??.??"]
[Round "3"]
[White "Grechihin, Valery"]
[Black "Kushnir, Boris"]
[Result "1-0"]
[WhiteElo "2508"]
[BlackElo "2113"]
[PlyCount "63"]
[EventDate "2003.??.??"]
[EventType "swiss"]
[EventRounds "9"]
[EventCountry "RUS"]
[SourceTitle "EXT 2005"]
[Source "ChessBase"]
[SourceDate "2004.11.15"]
[SourceVersion "1"]
[SourceVersionDate "2004.11.15"]
[SourceQuality "1"]

1. e4 c6 2. d4 d5 3. exd5 cxd5 4. c4 Nf6 5. Nc3 e6 6. Nf3 Nc6 7. c5 Ne4 8. Qc2 Nxc3 9. Qxc3 Qa5 10. Qxa5 Nxa5 11. b4 Nc6 12. b5 Ne7 13. Bd3 Bd7 14. 0-0 f6 15. Rb1 g5 16. Re1 Kf7 17. a4 Bg7 18. Bb2 Ng6 19. Rec1 Rac8 20. a5 Rc7 21. b6 axb6 22. cxb6 Rc6 23. Rxc6 Bxc6 24. Rc1 Ne7 25. Ba3 Rc8 26. Bc5 g4 27. Ne1 e5 28. a6 e4 29. Be2 f5 30. a7 Ke6 31. Bxe7 Kxe7 32. Rxc6 1-0

[Event "Kaluga Tsiolkovsky Memorial op"]
[Site "Kaluga"]
[Date "2003.??.??"]
[Round "5"]
[White "Grechihin, Valery"]
[Black "Redikultsev, Boris"]
[Result "1-0"]
[WhiteElo "2508"]
[BlackElo "2182"]
[PlyCount "69"]
[EventDate "2003.??.??"]
[EventType "swiss"]
[EventRounds "9"]
[EventCountry "RUS"]
[SourceTitle "EXT 2005"]
[Source "ChessBase"]
[SourceDate "2004.11.15"]
[SourceVersion "1"]
[SourceVersionDate "2004.11.15"]
[SourceQuality "1"]

1. e4 e5 2. Nf3 Nc6 3. Bb5 a6 4. Ba4 Nf6 5. 0-0 Be7 6. Re1 b5 7. Bb3 0-0 8. d4 Nxd4 9. Bxf7+ Rxf7 10. Nxe5 Nc6 11. Nxf7 Kxf7 12. e5 Nxe5 13. Rxe5 Bd6 14. Re1 Bb7 15. Bg5 h6 16. Bh4 g5 17. Bg3 Bxg3 18. hxg3 d5 19. Qd4 Qd6 20. b4 Rc8 21. Nd2 c5 22. bxc5 Rxc5 23. c3 Qc7 24. Re3 Ne4 25. Rae1 Rxc3 26. Nxe4 Rxe3 27. Nxg5+ hxg5 28. Rxe3 Qc1+ 29. Kh2 Qc2 30. Qh8 Bc6 31. Qh5+ Kf6 32. Qh6+ Kf7 33. Qe6+ Kg7 34. Qe7+ Kh8 35. Qf8+ 1-0

[Event "Kaluga Tsiolkovsky Memorial op"]
[Site "Kaluga"]
[Date "2003.??.??"]
[Round "9"]
[White "Grechihin, Valery"]
[Black "Tchernyi, Viktor"]
[Result "0-1"]
[WhiteElo "2508"]
[BlackElo "2327"]
[PlyCount "64"]
[EventDate "2003.??.??"]
[EventType "swiss"]
[EventRounds "9"]
[EventCountry "RUS"]
[SourceTitle "EXT 2005"]
[Source "ChessBase"]
[SourceDate "2004.11.15"]
[SourceVersion "1"]
[SourceVersionDate "2004.11.15"]
[SourceQuality "1"]

1. e4 e6 2. d4 d5 3. Nc3 Bb4 4. e5 Ne7 5. a3 Bxc3+ 6. bxc3 c5 7. Qg4 0-0 8. Bd3 Qa5 9. Bd2 Nbc6 10. Nf3 f5 11. exf6 Rxf6 12. Qh5 Nf5 13. 0-0 c4 14. Be2 Bd7 15. g4 Nd6 16. Ne5 Be8 17. Nxc6 bxc6 18. Qe5 Ne4 19. Be1 Qa4 20. Ra2 Qb5 21. f3 Qb1 22. fxe4 Rxf1+ 23. Bxf1 Bg6 24. Qxe6+ Kh8 25. Qxc6 Rf8 26. Qd6 Kg8 27. Qxd5+ Bf7 28. Qc5 Qxe1 29. Qe7 Bg6 30. Qe6+ Kh8 31. Qxc4 Qf2+ 32. Kh1 Bxe4+ 0-1

[Event "Kaluga Tsiolkovsky Memorial op"]
[Site "Kaluga"]
[Date "2003.??.??"]
[Round "1"]
[White "Grechihin, Valery"]
[Black "Vlasenko, Aleksey"]
[Result "0-1"]
[WhiteElo "2508"]
[BlackElo "2160"]
[PlyCount "77"]
[EventDate "2003.??.??"]
[EventType "swiss"]
[EventRounds "9"]
[EventCountry "RUS"]
[SourceTitle "EXT 2005"]
[Source "ChessBase"]
[SourceDate "2004.11.15"]
[SourceVersion "1"]
[SourceVersionDate "2004.11.15"]
[SourceQuality "1"]

1. Nf3 Nc6 2. c4 e5 3. Nc3 f5 4. d4 e4 5. Ng5 Bb4 6. Nh3 Nf6 7. e3 Bxc3+ 8. bxc3 d6 9. Nf4 0-0 10. h4 Na5 11. Ba3 b6 12. Bb4 Nb7 13. c5 dxc5 14. Qb3+ Kh8 15. h5 Ng4 16. Be2 Nh6 17. dxc5 bxc5 18. Rd1 Qf6 19. Ba3 a5 20. 0-0 Nf7 21. c4 a4 22. Qc2 Ra6 23. Rd2 Qg5 24. Bb2 Nfd8 25. f3 a3 26. Ba1 exf3 27. Bxf3 Ne6 28. Qc3 Rd6 29. Rfd1 Rxd2 30. Rxd2 Nd6 31. Rd5 Rf7 32. Nxe6 Bxe6 33. Rxc5 Qh4 34. Ra5 h6 35. c5 Ne4 36. Ra8+ Kh7 37. Qc2 Qe1+ 38. Kh2 Qxa1 39. Rxa3 0-1

[Event "Kaluga Tsiolkovsky Memorial op"]
[Site "Kaluga"]
[Date "2003.??.??"]
[Round "4"]
[White "Potapov, Alexander1111"]
[Black "Grechihin, Valery"]
[Result "1-0"]
[WhiteElo "2500"]
[BlackElo "2508"]
[PlyCount "91"]
[EventDate "2003.??.??"]
[EventType "swiss"]
[EventRounds "9"]
[EventCountry "RUS"]
[SourceTitle "EXT 2005"]
[Source "ChessBase"]
[SourceDate "2004.11.15"]
[SourceVersion "1"]
[SourceVersionDate "2004.11.15"]
[SourceQuality "1"]

1. c4 Nf6 2. g3 g6 3. Bg2 Bg7 4. Nc3 0-0 5. Nf3 d5 6. cxd5 Nxd5 7. 0-0 Nc6 8. d4 Nb6 9. d5 Na5 10. e4 c6 11. Nd4 cxd5 12. exd5 e5 13. Nc2 Nac4 14. Ne3 Nd6 15. b3 Re8 16. Bb2 Bd7 17. a4 a5 18. Rc1 f5 19. Re1 h5 20. Ba3 Qf6 21. Bc5 Nbc8 22. Nc4 Bf8 23. Bxd6 Bxd6 24. Na2 e4 25. Qd2 b6 26. Nxd6 Nxd6 27. Rc7 Re7 28. Bf1 Rae8 29. Qe3 Nc8 30. Rec1 g5 31. Rxd7 Rxd7 32. Bb5 Rde7 33. Bxe8 Rxe8 34. Rc6 Qa1+ 35. Nc1 Qg7 36. Qe2 Qf7 37. d6 Qd5 38. d7 Qxd7 39. Rg6+ Kf8 40. Qxh5 Qd4 41. Qxg5 Nd6 42. Ne2 Qd1+ 43. Kg2 Qxe2 44. Rg8+ Kf7 45. Qg6+ Ke7 46. Rg7+ 1-0

[Event "Samara op"]
[Site "Samara"]
[Date "2003.??.??"]
[Round "3"]
[White "Shkliar, Stanislav"]
[Black "Grechihin, Valery"]
[Result "1/2-1/2"]
[WhiteElo "2199"]
[BlackElo "2508"]
[PlyCount "62"]
[EventDate "2003.??.??"]
[EventType "swiss"]
[EventRounds "9"]
[EventCountry "RUS"]
[SourceTitle "EXT 2005"]
[Source "ChessBase"]
[SourceDate "2004.11.15"]
[SourceVersion "1"]
[SourceVersionDate "2004.11.15"]
[SourceQuality "1"]

1. d4 Nf6 2. c4 c5 3. d5 b5 4. cxb5 a6 5. Nc3 axb5 6. e4 b4 7. Nb5 d6 8. Bf4 g6 9. e5 Nh5 10. exd6 exd6 11. Qe2+ Kd7 12. Qg4+ f5 13. Qf3 Qf6 14. Bd3 Nxf4 15. Qxf4 Qxb2 16. Rb1 Qe5+ 17. Qxe5 dxe5 18. Nf3 Bg7 19. Bc4 Ra5 20. Nd2 Ba6 21. Nb3 Rxb5 22. Bxb5+ Bxb5 23. Nxc5+ Kd6 24. Ne6 Na6 25. Nxg7 Bc4 26. Ne6 Bxd5 27. Ng5 Bxa2 28. Ra1 Rc8 29. Rxa2 Rc1+ 30. Ke2 Rxh1 31. Rxa6+ Kc5 1/2-1/2

[Event "Kaluga Tsiolkovsky Memorial op"]
[Site "Kaluga"]
[Date "2003.??.??"]
[Round "8"]
[White "Vilkov, Vladimir"]
[Black "Grechihin, Valery"]
[Result "1-0"]
[WhiteElo "2339"]
[BlackElo "2508"]
[PlyCount "97"]
[EventDate "2003.??.??"]
[EventType "swiss"]
[EventRounds "9"]
[EventCountry "RUS"]
[SourceTitle "EXT 2005"]
[Source "ChessBase"]
[SourceDate "2004.11.15"]
[SourceVersion "1"]
[SourceVersionDate "2004.11.15"]
[SourceQuality "1"]

1. d4 Nf6 2. Nf3 c5 3. d5 b5 4. Bg5 Ne4 5. Bh4 Qa5+ 6. c3 g6 7. Qd3 Nd6 8. e4 Bg7 9. Be2 Ba6 10. 0-0 b4 11. Qe3 Bxe2 12. Qxe2 Qb5 13. Qc2 a5 14. Nbd2 c4 15. cxb4 Na6 16. a3 Rc8 17. Rac1 axb4 18. e5 Nf5 19. Nxc4 0-0 20. axb4 Nxb4 21. Qb3 Rb8 22. d6 exd6 23. Nxd6 Nxd6 24. exd6 Nc6 25. Qd1 Rbc8 26. Rb1 Nb4 27. Re1 Na2 28. h3 Rc5 29. Qd2 Rfc8 30. Bg5 Nb4 31. Rbc1 Nd3 32. Rxc5 Nxc5 33. b4 Ne6 34. Rc1 Rb8 35. Be3 Qb7 36. Bc5 h6 37. Re1 Kh7 38. Qe3 Qb5 39. Ne5 Nxc5 40. Qxc5 Qxb4 41. Qxb4 Rxb4 42. Nxf7 Bf8 43. Rd1 Bg7 44. Rd5 Re4 45. f3 Re6 46. f4 Bf8 47. Ne5 Bxd6 48. Nxd7 Bxf4 49. Nf8+ 1-0

[Event "Olympiad-35"]
[Site "Bled"]
[Date "2002.11.02"]
[Round "8.1"]
[White "Grechihin, Valery"]
[Black "Morovic Fernandez, Ivan"]
[Result "1/2-1/2"]
[WhiteElo "2543"]
[BlackElo "2549"]
[PlyCount "63"]
[EventDate "2002.10.26"]
[EventType "team-swiss"]
[EventRounds "14"]
[EventCountry "SLO"]
[SourceTitle "EXT 2003"]
[Source "ChessBase"]
[SourceDate "2002.11.25"]
[SourceVersion "1"]
[SourceVersionDate "2002.11.25"]
[SourceQuality "1"]
[WhiteTeam "ICSC"]
[BlackTeam "Chile"]
[BlackTeamCountry "CHI"]

1. c4 Nf6 2. Nc3 e5 3. Nf3 Nc6 4. e3 Be7 5. a3 0-0 6. Qc2 Re8 7. d3 a5 8. Be2 Bc5 9. 0-0 d6 10. Qd1 Bg4 11. h3 Bh5 12. Bd2 e4 13. Nxe4 Nxe4 14. dxe4 Bg6 15. Bd3 Bxe4 16. Bxe4 Rxe4 17. Qc2 Re8 18. Bc3 a4 19. Rad1 Qe7 20. Rd5 h6 21. Rfd1 Qe4 22. Qe2 Ne7 23. R5d2 Nc6 24. Rd5 Ne7 25. R5d2 Nf5 26. Qd3 Qxd3 27. Rxd3 Re4 28. Bd4 Nxd4 29. Nxd4 Bb6 30. f3 Re5 31. Kf1 f5 32. f4 1/2-1/2

[Event "Olympiad-35"]
[Site "Bled"]
[Date "2002.10.31"]
[Round "6.1"]
[White "Belkhodja, Slim"]
[Black "Grechihin, Valery"]
[Result "1/2-1/2"]
[WhiteElo "2497"]
[BlackElo "2543"]
[PlyCount "105"]
[EventDate "2002.10.26"]
[EventType "team-swiss"]
[EventRounds "14"]
[EventCountry "SLO"]
[SourceTitle "EXT 2003"]
[Source "ChessBase"]
[SourceDate "2002.11.25"]
[SourceVersion "1"]
[SourceVersionDate "2002.11.25"]
[SourceQuality "1"]
[WhiteTeam "Tunisia"]
[BlackTeam "ICSC"]
[WhiteTeamCountry "TUN"]

1. e4 e5 2. Bc4 Nf6 3. d3 Nc6 4. Nf3 h6 5. c3 d6 6. 0-0 g6 7. d4 Qe7 8. dxe5 Nxe5 9. Nxe5 dxe5 10. Qe2 Bg7 11. a4 0-0 12. a5 a6 13. b3 Rd8 14. Ba3 Qe8 15. Nd2 Bf8 16. Bxf8 Kxf8 17. f4 Be6 18. fxe5 Nd7 19. Nf3 Kg7 20. h3 Qe7 21. Rf2 Rf8 22. Raf1 Rae8 23. b4 c6 24. Bd3 Rc8 25. Bc4 Rce8 26. Qd3 Bxc4 27. Qxc4 Qe6 28. Qxe6 Rxe6 29. Rd1 Nxe5 30. Nxe5 Rxe5 31. Rd7 Rb5 32. e5 Rxe5 33. Rxb7 Rb5 34. Ra7 c5 35. Rf4 cxb4 36. cxb4 g5 37. Rd4 Rfb8 38. Rxa6 Rxb4 39. Rxb4 Rxb4 40. Rb6 Ra4 41. a6 h5 42. Kf2 Ra3 43. Ke2 Rg3 44. Kf2 Ra3 45. Ke1 Ra2 46. g3 Ra3 47. Kf2 h4 48. gxh4 gxh4 49. Kg2 Rg3+ 50. Kh2 Ra3 51. Rd6 Ra2+ 52. Kg1 Ra3 53. Kg2 1/2-1/2

[Event "Olympiad-35"]
[Site "Bled"]
[Date "2002.10.29"]
[Round "4.1"]
[White "Grechihin, Valery"]
[Black "Davila, Carlos"]
[Result "0-1"]
[WhiteElo "2543"]
[BlackElo "2349"]
[PlyCount "90"]
[EventDate "2002.10.26"]
[EventType "team-swiss"]
[EventRounds "14"]
[EventCountry "SLO"]
[SourceTitle "EXT 2003"]
[Source "ChessBase"]
[SourceDate "2002.11.25"]
[SourceVersion "1"]
[SourceVersionDate "2002.11.25"]
[SourceQuality "1"]
[WhiteTeam "ICSC"]
[BlackTeam "Nicaragua"]
[BlackTeamCountry "NCA"]

1. Nf3 Nf6 2. c4 g6 3. Nc3 Bg7 4. e4 d6 5. d4 0-0 6. Be2 e5 7. 0-0 Nc6 8. d5 Ne7 9. Nd2 c5 10. dxc6 bxc6 11. b4 Be6 12. Nb3 Qc7 13. b5 d5 14. Nc5 Bc8 15. Ba3 d4 16. N3a4 g5 17. Rb1 Rb8 18. Qd2 h6 19. Rfc1 Re8 20. Bd3 Ng6 21. g3 Bf8 22. Bb4 Bd6 23. Nb3 Bxb4 24. Qxb4 Qd7 25. Nd2 cxb5 26. cxb5 Qh3 27. Bf1 Qh5 28. f3 g4 29. Bg2 gxf3 30. Bxf3 Bg4 31. Bxg4 Qxg4 32. Nc5 Nf4 33. Rf1 Kh8 34. Qb3 Rg8 35. Qf3 Qh3 36. Kh1 Ng4 37. Rf2 Nxf2+ 38. Qxf2 Nh5 39. Nf1 Rb6 40. Rb3 Rf6 41. Rf3 Rgg6 42. Rf5 Rxf5 43. Qxf5 Rxg3 44. Qxe5+ Rg7 45. Qf5 Qg2# 0-1